| 000 | 01358nam0a22002651 4500 | ||
|---|---|---|---|
| 001 | rc\3426426 | ||
| 005 | 20130115141445.9 | ||
| 021 |
_aRU _b[74-12945] |
||
| 035 | _a(NLR Aleph) 007584368 | ||
| 090 |
_a5542206 _c5542206 |
||
| 100 | _a20130115d1973 |||y0rusy50 ca | ||
| 101 | 0 | _arus | |
| 102 | _aRU | ||
| 105 | _ay z ||||| | ||
| 200 | 1 |
_aАнализ хозяйственной деятельности хозрасчетных подразделений машиностроительного завода _fНауч.-техн. о-во машиностроит. пром-сти. Ун-т техн. прогресса в машиностроении. Заочные курсы повышения квалификации ИТР по внутризаводскому хозяйственному расчету |
|
| 210 |
_aМосква _cМашиностроение _d1973 |
||
| 215 |
_a64 с. _d21 |
||
| 320 | _aСписок лит.: с. 63 (6 назв.) | ||
| 606 |
_aМашиностроительные заводы _xВспомогательные цехи, хозрасчетные _xАнализ хозяйственной деятельности _2psbo |
||
| 700 | 1 |
_aГраник _bН. Г. _gНинель Григорьевна |
|
| 801 | 0 |
_aRU _bNLR _gpsbo |
|
| 801 | 1 |
_aRU _bELAR _2rusmarc |
|
| 852 |
_aNLR _j73-6/13278 |
||
| 942 | _cBOOK | ||
| 980 | _aNB | ||